FILTRÁCIA HLINIKOVÝCH ZLIATÍN

Bibliographic Details
Main Authors: Ragan, Emil, 1936- (Author), Boháčik, Ľubomír (Author)
Format: Article
Language:Slovak
ISBN:8070995246

MARC

LEADER 00000naa a2200000uu 4500
001 vtls010948807
003 SK-MaSNL
005 20260302143229.0
008 210905|2000 xo |||||||||||||||||slo|
015 |a SNBRA 
035 |a (urnnbn)urn:nbn:sk:snk:ar-a0bhy4 
035 |a (uuid)4a90cf90-1d10-483d-af1c-fa426180b300 
035 |a urn:nbn:sk:snk-aaua17 
040 |a SNKBUCL  |b slo  |c SNKBUCL  |e AACR2 
041 0 |a slo 
044 |a xo  |c SK 
100 1 |a Ragan, Emil,  |d 1936-  |4 aut  |9 107502 
245 1 0 |a FILTRÁCIA HLINIKOVÝCH ZLIATÍN  |c Emil Ragan, Ľubomír Boháčik 
246 3 |a FILTRATION OF ALUMINIUM ALLOGS 
700 1 |a Boháčik, Ľubomír  |4 aut  |9 26889 
773 0 |t Nové smery vo výrobných technológiách 2000  |d Košice : Technická univerzita, 2000, 2000  |g S. 229-230  |z 8070995246 
958 |a OND 
958 |a article11 
958 |a chapter 
999 |c 1343299  |d 1345229